Statistics for 20 US State Borders Missing On A Map #5

Click here to take the quiz!

General Stats

  • This quiz has been taken 44 times
  • The average score is 16 of 20

Answers on the Map

Answers color-coded by a green-red scale on the quiz's map according to % correct below.
 

Answer Stats

Border% Correct
Montana-South Dakota
100%
Montana-Wyoming
97%
Colorado-Wyoming
95%
Idaho-Washington
95%
Kansas-Missouri
95%
Illinois-Missouri
92%
Illinois-Wisconsin
92%
New Mexico-Texas
92%
Kentucky-Ohio
84%
Idaho-Utah
81%
Massachusetts-New Hampshire
78%
Colorado-Oklahoma
76%
Georgia-North Carolina
76%
Iowa-Minnesota
76%
Maryland-Pennsylvania
76%
Alabama-Florida
68%
Massachusetts-Rhode Island
68%
Delaware-Maryland
57%
Maryland-West Virginia
54%
Delaware-Pennsylvania
43%

Score Distribution

Percentile by Number Answered

Percent of People with Each Score

Your Score History

You have not taken this quiz